Nové výzvy pre Ekonomickú univerzitu v Bratislave v európskom vzdelávacom a vedeckovýskumnom priestore

Vznik ekonomického vysokoškolského vzdelávania na Slovensku v kontexte histórie ekonomického vzdelávania v 20. storočí. Vývoj slovenskej ekonomickej vedy. Vývoj ekonomického myslenia a ekonomických teórií.

Gespeichert in:
Bibliographische Detailangaben
1. Verfasser: Kollár, Vojtech
Format: Buchkapitel
Sprache:Slowakisch
Schlagworte:
Tags: Tag hinzufügen
Keine Tags, Fügen Sie das erste Tag hinzu!

MARC

LEADER 00000naa$a2200000$$$4500
001 0039776
005 20240502071504.8
041 0 |a slo 
044 |a SK 
245 1 0 |a Nové výzvy pre Ekonomickú univerzitu v Bratislave v európskom vzdelávacom a vedeckovýskumnom priestore  |c Vojtech Kollár 
520 |a Vznik ekonomického vysokoškolského vzdelávania na Slovensku v kontexte histórie ekonomického vzdelávania v 20. storočí. Vývoj slovenskej ekonomickej vedy. Vývoj ekonomického myslenia a ekonomických teórií. 
610 2 0 |a vzdelávanie vysokoškolské 
610 2 0 |a veda ekonomická 
610 2 0 |a myslenie ekonomické 
610 2 0 |a teórie ekonomické 
610 2 0 |a história 
610 2 0 |a Slovensko 
610 2 0 |a Ekonomická univerzita v Bratislave 
100 1 |a Kollár, Vojtech